[Event "San Francisco cat 3rd"]
[Site "San Francisco"]
[Date "2000.07.22"]
[Round "4"]
[White "Depetris, Walter"]
[Black "Comandu, Josue"]
[Result "0-1"]
[WhiteElo "626"]
[BlackElo "671"]
[PlyCount "56"]
[EventDate "2000.07.15"]
[EventType "swiss"]
[EventRounds "6"]
[EventCountry "ARG"]
[SourceTitle "EXT 2005"]
[Source "ChessBase"]
[SourceDate "2004.11.15"]
[SourceVersion "1"]
[SourceVersionDate "2004.11.15"]
[SourceQuality "1"]

1. e4 d5 2. exd5 Qxd5 3. Nc3 Qa5 4. d4 Nf6 5. Bd2 c6 6. Bc4 Bg4 7. f3 Bf5 8. Nd5 Qd8 9. Nxf6+ exf6 10. Ne2 c5 11. Bf4 a6 12. dxc5 Qxd1+ 13. Rxd1 Bxc5 14. Rd5 Bb4+ 15. c3 Be6 16. Rd4 Bc5 17. Re4 f5 18. Re5 Nd7 19. Bxe6 Nxe5 20. Bxe5 fxe6 21. Nf4 0-0 22. Bd4 Bxd4 23. cxd4 Rad8 24. Kf2 Rfe8 25. Rd1 e5 26. Ne2 exd4 27. Rxd4 Rxe2+ 28. Kxe2 Rxd4 0-1

[Event "San Francisco cat 4th"]
[Site "San Francisco"]
[Date "2000.05.14"]
[Round "7"]
[White "Ruiz Peyre, Nicolas"]
[Black "Depetris, Walter"]
[Result "1-0"]
[WhiteElo "566"]
[BlackElo "600"]
[PlyCount "45"]
[EventDate "2000.05.06"]
[EventType "team"]
[EventRounds "7"]
[EventCountry "ARG"]
[SourceTitle "EXT 2005"]
[Source "ChessBase"]
[SourceDate "2004.11.15"]
[SourceVersion "1"]
[SourceVersionDate "2004.11.15"]
[SourceQuality "1"]

1. d4 c5 2. d5 e5 3. e4 d6 4. Nf3 g6 5. c4 Bg7 6. Bd3 Ne7 7. Nc3 a6 8. Bg5 f6 9. Bd2 0-0 10. Qc1 Bh8 11. Bh6 Rf7 12. h4 Qe8 13. a3 b6 14. Ne2 f5 15. Ng5 Rf6 16. b4 Nd7 17. Ne6 Qf7 18. Bg5 Rxe6 19. dxe6 Qxe6 20. exf5 Nxf5 21. Be4 Kf8 22. Bxa8 e4 23. Ra2 1-0

[Event "San Francisco cat 4th"]
[Site "San Francisco"]
[Date "2000.05.06"]
[Round "1"]
[White "Depetris, Walter"]
[Black "Degiorgis, Marcelo"]
[Result "0-1"]
[WhiteElo "600"]
[BlackElo "585"]
[PlyCount "107"]
[EventDate "2000.05.06"]
[EventType "team"]
[EventRounds "7"]
[EventCountry "ARG"]
[SourceTitle "EXT 2005"]
[Source "ChessBase"]
[SourceDate "2004.11.15"]
[SourceVersion "1"]
[SourceVersionDate "2004.11.15"]
[SourceQuality "1"]

1. e4 c5 2. Nf3 Nc6 3. d4 cxd4 4. Nxd4 Nf6 5. Nc3 e6 6. Bc4 Be7 7. Be3 a6 8. 0-0 0-0 9. f4 b5 10. Bd3 Bb7 11. e5 Ne8 12. Be4 Qc7 13. Rf3 Rc8 14. Rh3 g6 15. Qe2 Nxd4 16. Bxd4 Bxe4 17. Qxe4 b4 18. Na4 Qxc2 19. Qxc2 Rxc2 20. Nb6 Ng7 21. Rd3 Rd8 22. b3 Nf5 23. Bf2 Rxf2 24. Kxf2 Bc5+ 25. Ke2 Bxb6 26. Rad1 Rc8 27. Rxd7 Kf8 28. g3 Rc2+ 29. R1d2 Rxd2+ 30. Kxd2 Ke8 31. Rb7 Bd8 32. Kd3 a5 33. Rb8 h5 34. Rc8 Ne7 35. Rc5 Nd5 36. Rc6 Nc3 37. a4 Kd7 38. Ra6 Nd5 39. Ra7+ Ke8 40. Ra8 Ne7 41. Ke4 Nf5 42. Rc8 Nh6 43. h3 Nf5 44. g4 hxg4 45. hxg4 Ne7 46. Ra8 Nd5 47. g5 Kd7 48. Ra7+ Bc7 49. Kf3 Nc3 50. Ke3 Kc6 51. Ra6+ Kb7 52. Rxe6 fxe6 53. Kd3 Nd5 54. Ke4 0-1